<?xml version="1.0" encoding="UTF-8"?>
<record
    xmlns:xsi="http://www.w3.org/2001/XMLSchema-instance"
    xsi:schemaLocation="http://www.loc.gov/MARC21/slim http://www.loc.gov/standards/marcxml/schema/MARC21slim.xsd"
    xmlns="http://www.loc.gov/MARC21/slim">

  <leader>00522nam a22001817a 4500</leader>
  <controlfield tag="003">UA-OsUOA</controlfield>
  <controlfield tag="001"> 14267 </controlfield>
  <controlfield tag="007">ta</controlfield>
  <controlfield tag="008">20030729b un ||||| |||| 00| 0 ukr d</controlfield>
  <datafield tag="100" ind1=" " ind2=" ">
    <subfield code="a">&#x42F;&#x449;&#x443;&#x43A; &#x412;.</subfield>
  </datafield>
  <datafield tag="942" ind1=" " ind2=" ">
    <subfield code="c">SA</subfield>
  </datafield>
  <datafield tag="040" ind1=" " ind2=" ">
    <subfield code="a">UA-OsUOA</subfield>
    <subfield code="c">UA-OsUOA</subfield>
    <subfield code="d">UA-OsUOA</subfield>
  </datafield>
  <datafield tag="245" ind1=" " ind2=" ">
    <subfield code="a">&#x412;&#x441;&#x442;&#x443;&#x43F;&#x430;&#x44E;&#x447;&#x438; &#x432; &#x440;&#x456;&#x43A; 440-&#x439;: [&#x417; &#x456;&#x441;&#x442;&#x43E;&#x440;&#x456;&#x457; &#x43C;.&#x420;&#x430;&#x434;&#x438;&#x432;&#x438;&#x43B;&#x43E;&#x432;&#x430;]</subfield>
  </datafield>
  <datafield tag="300" ind1=" " ind2=" ">
    <subfield code="a">&#x421;.2</subfield>
  </datafield>
  <datafield tag="955" ind1=" " ind2=" ">
    <subfield code="a">0</subfield>
  </datafield>
  <datafield tag="773" ind1="0" ind2=" ">
    <subfield code="w">0</subfield>
    <subfield code="t">&#x41F;&#x440;&#x430;&#x43F;&#x43E;&#x440; &#x43F;&#x435;&#x440;&#x435;&#x43C;&#x43E;&#x433;&#x438;</subfield>
    <subfield code="d">&#x420;&#x430;&#x434;&#x438;&#x432;&#x438;&#x43B;&#x456;&#x432;</subfield>
    <subfield code="d">2003</subfield>
    <subfield code="g">&#x2116;40/23 &#x442;&#x440;&#x430;&#x432;./</subfield>
  </datafield>
  <datafield tag="650" ind1=" " ind2="7">
    <subfield code="a">&#x406;&#x441;&#x442;&#x43E;&#x440;&#x456;&#x44F;</subfield>
    <subfield code="2">UDC</subfield>
  </datafield>
  <datafield tag="999" ind1=" " ind2=" ">
    <subfield code="c">300428</subfield>
    <subfield code="d">300428</subfield>
  </datafield>
</record>
